Normal view
MARC view
Entry Personal Name
001 - CONTROL NUMBER
- control field: 48435
003 - CONTROL NUMBER IDENTIFIER
- control field: ARRUPE
005 - DATE AND TIME OF LATEST TRANSACTION
- control field: 20191017110614.0
008 - FIXED-LENGTH DATA ELEMENTS
- fixed length control field: 191017|| aca||aabn | a|a d
040 ## - CATALOGING SOURCE
- Original cataloging agency: ARRUPE
- Transcribing agency: ARRUPE
100 ## - HEADING--PERSONAL NAME
- Personal name: Mills, Greg,
- Titles and other words associated with a name: Dr.
670 ## - SOURCE DATA FOUND
- Source citation: Work cat.: (ARRUPE)0: Mills, Greg, Dr., Poverty to prosperity :, c2002.